World of Warcraft - Dungeons - Statistics

General Stats
  • This quiz has been taken 328 times
    257 since last reset
  • The average score is 29 of 102
Answer Stats
Level Dungeon % Correct
50-60 Sunken Temple
84%
15-21* Deadmines
83%
15-21 Ragefire Chasm
79%
42-52 Stratholme
78%
81-85 The Stonecore
78%
15-25 Wailling Caverns
77%
16-26* Shadowfang Keep
64%
20-30 Stormwind Stockade
61%
40-50 Razorfen Downs
56%
30-40 Razorfen Kraul
56%
44-54 Zul'Farrak
51%
36-46 Dire Maul
50%
38-48* Scholomance
50%
20-30 Blackfathom Deeps
48%
47-57 Blackrock Depths
48%
30-40 Maradon
47%
59-68 The Blood Furnace
46%
61-70 The Underbog
46%
110-120 Atal'Dazar
45%
55-60 Lower Blackrock Spire
45%
35-45 Uldaman
45%
58-67 Hellfire Ramparts
44%
100 Upper Blackrock Spire
44%
24-34 Gnomeregan
42%
85 Zul'Gurub
39%
69-79 The Nexus
38%
85 Zul'Aman
38%
67-70 The Mechanar
36%
68-78 Utgarde Keep
36%
60-69 The Slave Pens
35%
62-70 Mana-Tombs
33%
68-70 The Arcatraz
33%
67-70 The Botanica
33%
65-70 Sethekk Halls
32%
77-80 Hall of Lightning
30%
80 Pit of Saron
30%
77-80 Utgarde Pinnacle
30%
110-120 Temple of Sethraliss
28%
68-70 Opening of the Dark Portal
27%
77-80 The Oculus
27%
67-70 The Shattered Halls
27%
67-70 The Steamvault
27%
80 Halls of Reflection
26%
105-110 Assault of Violet Hold
25%
70-80 Azjol-Nerub
25%
74-80 Gundrak
25%
120 Siege of Boralus
25%
80 The Forge of Souls
25%
73-80 Violet Hold
25%
63-70 Auchenai Crypts
24%
72-80 Drak'Tharon Keep
24%
75-80 Hall of Stone
24%
110 Return to Karazhan
24%
78-80 The Culling of Stratholme
22%
78-80 Trial of the Champion
22%
68-70 Magister's Terrace
21%
67-70 Shadow Labyrinth
21%
110-120 Freehold
20%
120 King's Rest
20%
110 Cathedral of Eternal Night
19%
115-120 THE MOTHERLODE!!
19%
98-110 Eye of Azshara
18%
80-85 Throne of the Tides
18%
110 Court of Stars
17%
110-120 Shrine of the Storm
17%
110-120 The Underrot
17%
110-120 Waycrest Manor
17%
98-100 Halls of Valor
16%
84-85 Lost City of Tol'vir
16%
120 Operation: Mechagon
16%
85-90 Stormstout Brewery
16%
64-70 The Escape from Durnholde
16%
80-85 Blackrock Caverns
15%
84-85 Grim Batol
15%
100 Grimrail Depot
15%
97-100 Skyreach
15%
110 The Arcway
15%
98-110 Darkheart Thicket
14%
84-85 Halls of Origination
14%
28-38* Scarlett Monastery
14%
87-90 Shado-Pan Monastery
14%
85-90 Temple of the Jade Serpent
14%
71-80 Akn'kanet: The Old Kingdom
13%
110 The Seat of the Triumvirate
13%
115-120 Tol Dagor
13%
110 Vault of the Wardens
13%
85 End Time
12%
92-96 Iron Docks
12%
81-85 The Vortex Pinnacle
12%
94-99 Auchindoun
11%
110 Black Rook Hold
11%
98-100 Neltharion's Lair
11%
110 Maw of Souls
10%
85 Well of Eternity
10%
88-90 Gate of the Setting Sun
8%
85 Hour of Twilight
8%
100 Shadowmoon Burial Grounds
8%
88-90 Siege of Niuzao Temple
8%
100 The Everbloom
8%
90-95 Bloodmaul Slag Mines
7%
87-90 Mogu'shan Palace
7%
26-36* Scarlett Halls
7%
No matching quizzes found
Score Distribution
Percent of People with Each Score
Percentile by Number Answered
Your Score History
You have not taken this quiz since the last reset